En busca del mar del Sur : (Registro nro. 9917)

Detalles MARC
000 -LIDER
fixed length control field 00894nam a2200301 b 4500
001 - NÚMERO DE CONTROL
Identificador de número de control 0303520
003 - IDENTIFICACDOR DE NÚMERO DE CONTROL
control field DO-SdBNP
005 - DATE AND TIME OF LATEST TRANSACTION
control field 20180126093942.0
007 - CAMPOS FIJOS DE DESCRIPCIÓN FÍSICA
fixed length control field 0303520
008 - ELEMENTOS DE LONGITUD FIJA
fixed length control field 930104s1991 sp | |||| ||spa d
016 7# - NO. DE CONTROL DE LA AGENCIA BIB. NACIONAL
Record control number
Canceled/invalid record control number
Source BPMSU
017 ## - NÚMERO DE REGISTRO DE DERECHOS DE AUTOR
Copyright or legal deposit number M 14377-1991
Assigning agency
020 ## - ISBN
International Standard Book Number 8434833867
035 ## - NÚMERO LOCAL
System control number
040 ## - FUENTE DE CATALOGACIÓN
Agencia que crea de manera original el registro BPMSU
Idioma de catalogación spa
Agencia que realiza la transcripción BPMSU
080 #4 - NÚMERO DE CLASIFICACIÓN DECIMAL UNIVERSAL
Universal Decimal Classification number
100 1# - ASIENTO PRINCIPAL -- NOMBRE PERSONAL
Nombre personal Vázquez, Germán
Fechas asociadas con el nombre 1961-
245 10 - MENCIÓN DE TITULO
Título En busca del mar del Sur :
Subtítulo Núñez de Balboa y el descubrimiento del océano Pacífico /
Mención de responsabilidad Germán Vázquez ; ilustraciones de Gustavo Otero
Medio (Designación general de material)
260 ## - PUBLICACIÓN, DISTRIBUCIÓN, ETC. (PIE DE IMPRENTA)
Lugar de publicación, distribución, etc Madrid :
Nombre del editor, distribuidor, etc. SM,
Fecha de publicación, distribución, etc 1991
300 ## - DESCRIPCIÓN FÍSICA
Extensión 73 p. :
Otros detalles físicos il. ;
Dimensiones 21 cm
490 ## - MENCIÓN DE SERIES
Mención de serie El gran encuentro
600 24 - ENCABEZAMIENTO DE MATERIA--NOMBRE PERSONAL
Nombre personal
Fechas asociadas con el nombre
Subdivisión temática general
Subdivisión de forma
Fuente del encabezado o término
700 1# - ASIENTO SECUNDARIO -- NOMBRE PERSONAL
Nombre personal Otero, Gustavo
Mención de responsabilidad il.
830 ## - ASIENTO SECUNDARIO DE SERIE--TÍTULO UNIFORME
Título uniforme El gran encuentro
942 ## - ADDED ENTRY ELEMENTS (KOHA)
Source of classification or shelving scheme Dewey Decimal Classification
Koha item type Libros
945 ## - INFORMACIÓN DE PROCESAMIENTO LOCAL
Información de procesamiento local Inventariado extranjero / 2018 VM
956 ## - LOCAL ELECTRONIC LOCATION AND ACCESS (OCLC)
Nombre de host VMATEO
Método de acceso 10
Materiales especificados 20160425
Enlace BPMSU
Campo enlazado y núm. de secuencia 0069
Existencias
Withdrawn status Lost status Source of classification or shelving scheme Damaged status Not for loan Collection code Home library Current library Date acquired Source of acquisition Total Checkouts Barcode Date last seen Price effective from Koha item type
    Dewey Decimal Classification     Colección General Biblioteca Pública Metropolitana Salomé Ureña Biblioteca Pública Metropolitana Salomé Ureña 04/25/2016 FUNDI   BPMSU16040683 04/25/2016 04/25/2016 Libros